| 000 | 00870nam a2200253 i 4500 | ||
|---|---|---|---|
| 001 | 148497 | ||
| 003 | ES-MaACL | ||
| 005 | 20230906202652.0 | ||
| 007 | t| | ||
| 008 | 070214s1927 sp r ||||1| spa d | ||
| 100 | 1 |
_aStrindberg, August. _9108433 |
|
| 245 | 1 | 3 |
_aLe fils de la servante. _nII, _pFermentation. Histoire d'une âme (1867-1872) / _cAugust Strindberg ; trad. du suédois par Camille Polack ; préface par Lucien Maury. |
| 250 | _a5è éd. | ||
| 260 |
_aParis : _bLibrairie Stock, _c1927. |
||
| 300 |
_aXV, 253 p. ; _c19 cm. |
||
| 490 | 1 |
_aBibliothèque scandinave ; _v4 |
|
| 490 | 1 | _aBibliothéque cosmopolite | |
| 700 | 1 |
_aPolack, Camille. _992794 |
|
| 700 | 1 |
_aMaury, Lucien. _979277 |
|
| 830 | 0 |
_aBibliothèque scandinave ; _v4 _9184111 |
|
| 830 | 0 |
_aBibliothéque cosmopolite _9181494 |
|
| 852 |
_aES-MaACL _jA-2245 |
||
| 999 |
_c148497 _d148497 |
||